Naplótöredék 1862-ből

Elmentve itt :
Bibliográfiai részletek
Szerző: Zichy Antal
További közreműködők: Tóth Andrea
Dokumentumtípus: Cikk
Megjelent: 1995
Sorozat:Aetas 10 No. 4
Kulcsszavak:Magyarország története - 19. sz. - forrás
Online Access:http://acta.bibl.u-szeged.hu/40712
LEADER 00620nab a2200193 i 4500
001 acta40712
005 20260224081030.0
008 170713s1995 hu o 000 hun d
022 |a 0237-7934 
040 |a SZTE Egyetemi Kiadványok Repozitórium  |b hun 
041 |a hun 
100 1 |a Zichy Antal 
245 1 0 |a Naplótöredék 1862-ből  |h [elektronikus dokumentum] /  |c  Zichy Antal 
260 |c 1995 
300 |a 108-130 
490 0 |a Aetas  |v 10 No. 4 
695 |a Magyarország története - 19. sz. - forrás 
700 0 1 |a Tóth Andrea 
856 4 0 |u http://acta.bibl.u-szeged.hu/40712/1/aetas_1995_004_108-130.pdf  |z Dokumentum-elérés